Every Premier League Goalscorer 23/24 - Gameweek #7 - Statistics

General Stats
  • This quiz has been taken 10 times
  • The average score is 19 of 29
Answer Stats
Club v Club Goalscorer % Correct
Manchester United v Crystal Palace Joachim Andersen
89%
Aston Villa v Brighton & Hove Albion Ollie Watkins
89%
Aston Villa v Brighton & Hove Albion Ollie Watkins
89%
Aston Villa v Brighton & Hove Albion Ollie Watkins
89%
Bournemouth v Arsenal Bukayo Saka
78%
Everton v Luton Town Carlton Morris
78%
Everton v Luton Town Dominic Calvert-Lewin
78%
Aston Villa v Brighton & Hove Albion Douglas Luiz
78%
Tottenham v Liverpool Joel Matip
78%
Wolves v Manchester City Julian Alvarez
78%
Bournemouth v Arsenal Martin Odegaard
78%
Fulham v Chelsea Mykhailo Mudryk
78%
Tottenham v Liverpool Son Heung-min
78%
Newcastle United v Burnley Alexander Isak
67%
Fulham v Chelsea Armando Broja
67%
Bournemouth v Arsenal Ben White
67%
Tottenham v Liverpool Cody Gakpo
67%
West Ham v Sheffield United Jarrod Bowen
67%
Bournemouth v Arsenal Kai Havertz
67%
Wolves v Manchester City Ruben Dias
67%
Aston Villa v Brighton & Hove Albion Ansu Fati
56%
Newcastle United v Burnley Miguel Almiron
56%
Wolves v Manchester City Hwang Hee-chan
56%
Aston Villa v Brighton & Hove Albion Jacob Ramsey
56%
Everton v Luton Town Tom Lockyer
56%
Aston Villa v Brighton & Hove Albion Pervis Estupinan
44%
Nottingham Forest v Brentford Nicolas Dominguez
33%
Nottingham Forest v Brentford Christian Norgaard
22%
West Ham v Sheffield United Tomas Soucek
22%
No matching quizzes found
Score Distribution
Percent of People with Each Score
Percentile by Number Answered
Your Score History
You have not taken this quiz